Virages du Grand Prix de Monaco - Statistiques

Statistiques générales
  • Ce quiz a été pris 73 fois
  • Le résultat moyen est 9 sur 16
Statistiques - réponses
Virage Réponse % Correct
4 Casino
86%
14/15 Piscine
84%
16 Rascasse
77%
9 Tunnel
71%
6 Grand Hotel
70%
1 Sainte-Dévote
68%
8 Portier
55%
12 Tabac
55%
7 Mirabeau Bas
54%
5 Mirabeau Haute
54%
10/11 Nouvelle Chicane
54%
2 Beau Rivage
45%
17 Anthony Noghes
43%
3 Massenet
43%
13 Louis Chiron
41%
18 Ligne des Stands
18%
Aucun quiz correspondant
Distribution des résultats
% des personnes avec chaque résultat
Percentile par nombre de réponses
Votre historique - résultats
Vous n’avez pas pris ce quiz